[Event "Montreal Pere Noel op"]
[Site "Montreal"]
[Date "2005.12.26"]
[Round "1"]
[White "Gagnon, Michel"]
[Black "Parent, Francois"]
[Result "1-0"]
[WhiteElo "2114"]
[BlackElo "1893"]
[PlyCount "183"]
[EventDate "2005.12.26"]
[EventType "swiss"]
[EventRounds "5"]
[EventCountry "CAN"]
[SourceTitle "EXT 2007"]
[Source "ChessBase"]
[SourceDate "2006.11.23"]
[SourceVersion "1"]
[SourceVersionDate "2006.11.23"]
[SourceQuality "1"]

1. e4 c5 2. Nf3 d6 3. Bb5+ Bd7 4. Bxd7+ Qxd7 5. Nc3 Nf6 6. 0-0 g6 7. e5 dxe5 8. Nxe5 Qc8 9. Qe2 Bg7 10. d3 0-0 11. Bg5 Nbd7 12. f4 Re8 13. Qf3 a6 14. a4 e6 15. Nc4 Qc7 16. a5 b5 17. axb6 Nxb6 18. Nxb6 Qxb6 19. Na4 Qd6 20. Bxf6 Bxf6 21. c3 Rab8 22. Qe4 Red8 23. Rf3 Qd5 24. Qxd5 Rxd5 25. Kf1 h5 26. g3 Be7 27. Re1 c4 28. Re5 Rxe5 29. fxe5 cxd3 30. Rxd3 Rb5 31. Re3 Bg5 32. Re4 Kf8 33. Ke2 Bd8 34. b4 Bc7 35. Nc5 a5 36. Nd3 a4 37. Kd2 a3 38. Re1 a2 39. Ra1 Bxe5 40. Rxa2 Bd6 41. Ra6 Ke7 42. Ra7+ Kf6 43. Ke2 h4 44. c4 Rb8 45. c5 hxg3 46. cxd6 gxh2 47. Ra1 Ra8 48. Rf1+ Kg7 49. Ne5 Rd8 50. Rxf7+ Kg8 51. Rf1 Rxd6 52. Rh1 Rd4 53. Nd3 e5 54. Ke3 Rh4 55. b5 e4 56. Ne5 g5 57. b6 g4 58. Kf4 Rh7 59. Nxg4 Rb7 60. Nf6+ Kf7 61. Nd5 Ke6 62. Kxe4 Rh7 63. Kd4 Kd6 64. Ne3 Kc6 65. Nc4 Rh3 66. Ke4 Rh4+ 67. Kd3 Rh3+ 68. Kc2 Kb7 69. Kb2 Ka6 70. Nd2 Kxb6 71. Nf1 Kc5 72. Kc2 Kd4 73. Kd2 Ra3 74. Ke2 Ra2+ 75. Kf3 Ke5 76. Nxh2 Ra3+ 77. Kf2 Ra2+ 78. Kg3 Kf5 79. Nf3 Ra3 80. Rh5+ Ke4 81. Rh4+ Ke3 82. Rh8 Ke4 83. Re8+ Kd5 84. Kf4 Ra4+ 85. Kf5 Ra6 86. Rd8+ Rd6 87. Ra8 Rc6 88. Nd2 Rb6 89. Ra4 Rb8 90. Ne4 Rf8+ 91. Nf6+ Kd6 92. Ra5 1-0

[Event "Quebec-ch Amateur"]
[Site "Montreal"]
[Date "1989.05.20"]
[Round "2"]
[White "Morin, Louis"]
[Black "Parent, Francois"]
[Result "1-0"]
[WhiteElo "1980"]
[BlackElo "1757"]
[PlyCount "40"]
[EventDate "1989.05.19"]
[EventType "swiss"]
[EventRounds "5"]
[EventCountry "CAN"]
[SourceTitle "EXT 2022"]
[Source "ChessBase"]
[SourceDate "2021.10.06"]
[SourceVersion "1"]
[SourceVersionDate "2021.10.06"]
[SourceQuality "1"]

1. e4 e5 2. Nf3 Nf6 3. Nc3 Nc6 4. Bb5 Nd4 5. Nxe5 Nxb5 6. Nxb5 c6 7. Nc3 Qe7 8. Nf3 Nxe4 9. 0-0 Nxc3 10. dxc3 d6 11. Re1 Be6 12. Bg5 Qd7 13. Nd4 Be7 14. Bxe7 Kxe7 15. Nf5+ Kf6 16. Nxd6 Ke7 17. Nf5+ Kf8 18. Nd4 Bd5 19. Qd3 c5 20. c4 Bxg2 1-0

[Event "Quebec op"]
[Site "Montreal"]
[Date "1981.08.04"]
[Round "3"]
[White "Bolduc, Steve"]
[Black "Parent, Francois"]
[Result "1-0"]
[WhiteElo "1941"]
[BlackElo "1672"]
[PlyCount "67"]
[EventDate "1981.08.02"]
[EventType "swiss"]
[EventRounds "8"]
[EventCountry "CAN"]
[SourceTitle "EXT 2022"]
[Source "ChessBase"]
[SourceDate "2021.10.06"]
[SourceVersion "1"]
[SourceVersionDate "2021.10.06"]
[SourceQuality "1"]

1. e4 c5 2. Nf3 d6 3. d4 cxd4 4. Nxd4 Nf6 5. Nc3 a6 6. Bg5 e6 7. f4 Be7 8. Qf3 Qc7 9. 0-0-0 Nbd7 10. g4 b5 11. Bxf6 gxf6 12. a3 Bb7 13. Rg1 Qb6 14. Be2 Rb8 15. f5 b4 16. fxe6 Ne5 17. exf7+ Kxf7 18. Qf5 bxc3 19. b4 d5 20. exd5 Bxd5 21. Qh5+ Kf8 22. Nb5 axb5 23. Rg3 Bf7 24. Qh6+ Ke8 25. Rxc3 Qf2 26. Bxb5+ Rxb5 27. Rc8+ Bd8 28. Rcxd8+ Ke7 29. Rxh8 Ng6 30. Rhd8 Rb7 31. R8d2 Qa7 32. Re1+ Ne5 33. Rxe5+ fxe5 34. Qd6+ 1-0